Príklad sovietskych závodných knižníc

Článok o funkciách, metódach činnosti a úlohách sovietskych závodných knižníc spravovaných odbormi

Bibliographic Details
Main Author: Drastich, Oldřich (Author)
Format: Article
Language:Slovak
Subjects:
Online Access:plný text

MARC

LEADER 00000nab a2200000 4500
001 vtls008693256
003 SK-MaSNL
005 20260303073823.0
008 140301 1949 xo p 000 0 slo
015 |a SNBRRBDKK190120XX 
035 |a CLAS02vtls000012827 
040 |a SNKBUDKK  |b slo  |c SNKBUDKK  |e a 
041 0 |a slo 
044 |a xo  |c SK 
080 |a 02.009.11  |x (47+57)  |2 1997 
100 1 |a Drastich, Oldřich  |4 aut  |9 336044 
245 1 0 |a Príklad sovietskych závodných knižníc  |c Oldo Drastich 
520 2 |a Článok o funkciách, metódach činnosti a úlohách sovietskych závodných knižníc spravovaných odbormi 
650 0 7 |a závodné knižnice  |z Sovietsky zväz  |x činnosť  |x články  |2 SNKBUDKK  |9 1075967 
773 0 |t Knižnica : časopis pre knižnú kultúru  |g Roč. 1 (5), č. 5 (1949), s. 135-137 
850 |a SNK 
852 |a SNK  |b KIS3GCP 
856 4 1 |u http://www.viks.sk/dkk/kniznica1949_135_137.doc  |y plný text 
910 |a bdkk  |a memoriask 
999 |c 1769295  |d 1771225